|
|
|
|
| LEADER |
01705nam a2200373 a 4500 |
| 001 |
1174485 |
| 008 |
090716s1996 enk 000 1 eng d |
| 010 |
|
|
|a 96204575
|
| 020 |
|
|
|a 0140434003
|
| 040 |
|
|
|a DLC
|c DLC
|
| 082 |
0 |
0 |
|a 823/.8
|2 21
|
| 100 |
1 |
|
|a Brontë, Charlotte,
|d 1816-1855.
|
| 245 |
1 |
0 |
|a Jane Eyre /
|c Charlotte Brontë ; edited with an introduction and notes by Michael Mason.
|
| 260 |
|
|
|a London ;
|a New York :
|b Penguin Books,
|c 1996.
|
| 300 |
|
|
|a xxxvi, 532 p. ;
|c 20 cm.
|
| 490 |
0 |
|
|a Penguin classics
|
| 541 |
1 |
|
|e 00011979
|
| 650 |
|
0 |
|a Governesses
|v Fiction.
|
| 650 |
|
0 |
|a Fathers and daughters
|v Fiction.
|
| 650 |
|
0 |
|a Mentally ill women
|v Fiction.
|
| 650 |
|
0 |
|a Charity-schools
|v Fiction.
|
| 650 |
|
0 |
|a Married people
|v Fiction.
|
| 650 |
|
0 |
|a Country homes
|v Fiction.
|
| 650 |
|
0 |
|a Young women
|v Fiction.
|
| 650 |
|
0 |
|a Orphans
|v Fiction.
|
| 651 |
|
0 |
|a England
|v Fiction.
|
| 655 |
|
7 |
|a Bildungsromans.
|2 gsafd
|
| 655 |
|
7 |
|a Love stories.
|2 gsafd
|
| 700 |
1 |
|
|a Mason, Michael,
|d 1941-
|
| 852 |
4 |
|
|a Ayesha Abed Library
|j General Shelf.
|
| 999 |
|
|
|c 2746
|d 2746
|
| 952 |
|
|
|0 0
|1 0
|2 ddc
|4 0
|6 823_800000000000000_BRO
|7 0
|9 2523
|a BRACUL
|b BRACUL
|c GEN
|d 2009-07-23
|g 667.00
|l 11
|m 110
|o 823.8 BRO
|p 3010011979
|r 2026-02-05
|s 2025-04-10
|t 1
|w 2009-07-23
|y BK
|x $7.93
|
| 952 |
|
|
|0 0
|1 0
|2 ddc
|4 0
|6 823_800000000000000_BRO
|7 0
|9 11801
|a BRACUL
|b BRACUL
|c GEN
|d 2010-09-05
|l 11
|m 87
|o 823.8 BRO
|p 3010017286
|r 2026-03-29
|s 2026-02-24
|t 2
|w 2010-09-05
|y BK
|
| 952 |
|
|
|0 0
|1 0
|2 ddc
|4 1
|6 823_800000000000000_BRO
|7 0
|9 11802
|a BRACUL
|b BRACUL
|d 2010-09-05
|l 3
|m 9
|o 823.8 BRO
|p 3010020804
|r 2024-12-22
|s 2024-10-22
|t 3
|w 2010-09-05
|y BK
|x Departmental-issued damaged books were found in the ENH department for the reason of termites eaten in 2016
|